=LDR 00000nam 2200000 4500 =001 INLIS000000000002279 =005 20240515031429 =035 ##$$a 0010-0524000033 =007 ta =008 240515###########################0#ind## =020 ##$$a 978-602-6232-41-0 =082 ##$$a 001.41 =084 ##$$a 001.41 MAR m =100 #$$a Marsudi W. Kisworo =245 1#$$a Menulis Karya Ilmiah /$c Marsudi W. Kisworo, Iwan Sofana =250 ##$$a Cetakan pertama =260 ##$$a Bandung :$b Informatika Bandung,$c 2017 =300 ##$$a viii; 272 hlm. : $b ilus. ; $c 24 cm. =650 #4$$a Karya Ilmiah =700 #$$a Iwan Sofana